[Event "Hebraica op 25th"]
[Site "Hebraica"]
[Date "2018.01.14"]
[Round "6"]
[White "Garcia, Liria Caetano"]
[Black "Seccafim, Caic Dos Santos"]
[Result "1-0"]
[WhiteElo "1993"]
[BlackElo "1655"]
[PlyCount "113"]
[EventDate "2018.01.12"]
[EventType "swiss"]
[EventRounds "6"]
[EventCountry "BRA"]
[SourceTitle "CBM 182 Extra"]
[Source "ChessBase"]
[SourceDate "2018.02.23"]
[SourceVersion "1"]
[SourceVersionDate "2018.02.23"]
[SourceQuality "1"]

1. d4 c5 2. d5 Nf6 3. c4 e6 4. Nc3 exd5 5. cxd5 d6 6. e4 g6 7. f3 Bg7 8. Bg5 a6 9. a4 Nbd7 10. Nh3 0-0 11. Be2 Re8 12. Nf2 h6 13. Be3 Qa5 14. 0-0 Qc7 15. Qd2 Kh7 16. Rfc1 b6 17. Nd3 Rb8 18. b4 Ng8 19. b5 a5 20. Nb2 Ne5 21. h3 f5 22. f4 Nf7 23. Bd3 Bxc3 24. Qxc3 fxe4 25. Be2 Ne7 26. Rd1 Nf5 27. Bc1 Qe7 28. Nc4 Qh4 29. Bb2 e3 30. Bg4 Qf2+ 31. Kh1 Ng3+ 32. Kh2 Rg8 33. Qf6 Rb7 34. Bxc8 Ne4 35. Qe6 Qxf4+ 36. Kg1 Nfg5 37. Rf1 Nxe6 38. Rxf4 Nxf4 39. Bxb7 Nd3 40. Rf1 g5 41. Rf7+ Kg6 42. Re7 e2 43. Rxe4 e1Q+ 44. Rxe1 Nxe1 45. Nxd6 Nd3 46. Bc3 Nb4 47. Nc4 Rd8 48. d6 Kf7 49. Kf2 Ke6 50. Ke3 Re8 51. Kd2 Rf8 52. Bf3 Nd5 53. Bg4+ Kf7 54. Ne5+ Ke8 55. d7+ Kd8 56. Nc6+ Kc7 57. Be5+ 1-0

[Event "Barretos JAI (Women)"]
[Site "Barretos"]
[Date "2015.12.??"]
[Round "5"]
[White "Fernandez, Maria Florencia"]
[Black "Garcia, Liria Caetano"]
[Result "1-0"]
[WhiteElo "2217"]
[BlackElo "1993"]
[PlyCount "85"]
[EventDate "2015.12.01"]
[EventType "team-tourn"]
[EventRounds "5"]
[EventCountry "BRA"]
[SourceTitle "EXT 2022"]
[Source "ChessBase"]
[SourceDate "2021.10.06"]
[SourceVersion "1"]
[SourceVersionDate "2021.10.06"]
[SourceQuality "1"]
[WhiteTeam "Osasco (W)"]
[BlackTeam "Santos W"]
[WhiteTeamCountry "BRA"]
[BlackTeamCountry "BRA"]

1. d4 Nf6 2. c4 c5 3. d5 e5 4. Nc3 d6 5. e4 Nbd7 6. f3 Be7 7. Be3 a6 8. Qd2 Nf8 9. g4 N6d7 10. Nge2 Ng6 11. Ng3 Nh4 12. Bg2 g6 13. 0-0 Nf6 14. h3 Bd7 15. f4 exf4 16. Bxf4 Nxg2 17. Kxg2 h5 18. e5 dxe5 19. Bxe5 hxg4 20. Bxf6 gxh3+ 21. Kh2 Bxf6 22. Rae1+ Kf8 23. Qf4 Rh4 24. Qxf6 Qxf6 25. Rxf6 Kg7 26. Ref1 Rf8 27. Nce4 Rg4 28. Nxc5 Bf5 29. Nxf5+ Kxf6 30. Ne3+ Kg5 31. Nxg4 Kxg4 32. Ne6 Rc8 33. Rxf7 Rxc4 34. Rf4+ Rxf4 35. Nxf4 Kf5 36. d6 Kf6 37. Kxh3 g5 38. Nd3 Ke6 39. Nc5+ Kxd6 40. Nxb7+ Kc6 41. Na5+ Kb5 42. Nb3 a5 43. Nxa5 1-0

[Event "Paulista-ch (Women)"]
[Site "Americana"]
[Date "2013.09.22"]
[Round "5.3"]
[White "Garcia, Liria Caetano"]
[Black "Flores, Janine"]
[Result "0-1"]
[WhiteElo "2002"]
[BlackElo "1972"]
[PlyCount "92"]
[EventDate "2013.09.20"]
[EventType "swiss"]
[EventRounds "6"]
[EventCountry "BRA"]
[SourceTitle "EXT 2022"]
[Source "ChessBase"]
[SourceDate "2021.10.06"]
[SourceVersion "1"]
[SourceVersionDate "2021.10.06"]
[SourceQuality "1"]

1. d4 d5 2. c4 c6 3. Nc3 Nf6 4. e3 e6 5. Nf3 Nbd7 6. Qc2 Be7 7. b3 0-0 8. Be2 b6 9. 0-0 Bb7 10. Rd1 Rc8 11. e4 dxe4 12. Nxe4 Qc7 13. Bb2 c5 14. Ng3 cxd4 15. Nxd4 Qb8 16. Qc3 Rfd8 17. Qe3 Bc5 18. Qg5 h6 19. Qh4 Ne5 20. Nh5 Ne8 21. Qh3 Kh8 22. Nxe6 fxe6 23. Qxe6 Bd6 24. f4 Rc6 25. Qh3 Bc8 26. Qg3 Bc5+ 27. Kh1 Rxd1+ 28. Rxd1 Rg6 29. Qe1 Bb7 30. Bf1 Qa8 31. Ng3 Ng4 32. Bd4 Bd6 33. Be5 Re6 34. Rxd6 Rxd6 35. Bxd6 Nxd6 36. Qe6 Nf2+ 37. Kg1 Nfe4 38. Nh5 Qc8 39. Qd5 Qc5+ 40. Qxc5 Nxc5 41. Kf2 Nde4+ 42. Ke3 Nc3 43. b4 N5e4 44. Bd3 Nd1+ 45. Kd4 Ndf2 46. Bc2 Nd6 0-1

[Event "Paulista-ch (Women)"]
[Site "Americana"]
[Date "2013.09.21"]
[Round "4.3"]
[White "Nakata, Thifanni Harumi"]
[Black "Garcia, Liria Caetano"]
[Result "0-1"]
[WhiteElo "1521"]
[BlackElo "2002"]
[PlyCount "66"]
[EventDate "2013.09.20"]
[EventType "swiss"]
[EventRounds "6"]
[EventCountry "BRA"]
[SourceTitle "EXT 2022"]
[Source "ChessBase"]
[SourceDate "2021.10.06"]
[SourceVersion "1"]
[SourceVersionDate "2021.10.06"]
[SourceQuality "1"]

1. e4 c6 2. d4 d5 3. Nd2 dxe4 4. Nxe4 Nf6 5. Nxf6+ exf6 6. c3 Bd6 7. Bd3 0-0 8. Ne2 Qc7 9. Qc2 g6 10. Be3 Re8 11. 0-0-0 b5 12. h4 Be6 13. c4 Na6 14. a3 Qa5 15. Bd2 b4 16. a4 Rab8 17. b3 Rbd8 18. h5 f5 19. hxg6 fxg6 20. g4 Bf8 21. Be3 Bg7 22. c5 fxg4 23. Bxg6 hxg6 24. Qxg6 Bf7 25. Qxg4 Nxc5 26. dxc5 Rxd1+ 27. Rxd1 Rxe3 28. fxe3 Qxc5+ 29. Kb1 Qxe3 30. Nd4 c5 31. Qc8+ Kh7 32. Rh1+ Bh6 33. Qf5+ Bg6 0-1

[Event "BRA-ch Amateur"]
[Site "Sao Paulo"]
[Date "2013.02.11"]
[Round "6"]
[White "Garcia, Liria Caetano"]
[Black "Haelvoet Correa, Guilherme"]
[Result "1/2-1/2"]
[WhiteElo "2008"]
[BlackElo "1851"]
[PlyCount "48"]
[EventDate "2013.02.09"]
[EventType "swiss"]
[EventRounds "7"]
[EventCountry "BRA"]
[SourceTitle "CBM 152 Extra"]
[Source "ChessBase"]
[SourceDate "2013.02.25"]
[SourceVersion "1"]
[SourceVersionDate "2013.02.25"]
[SourceQuality "1"]

1. d4 Nf6 2. c4 c5 3. d5 b5 4. cxb5 a6 5. b6 a5 6. Nf3 g6 7. Nc3 Ba6 8. g3 d6 9. Bh3 Bg7 10. 0-0 Nbd7 11. Re1 0-0 12. e4 Qxb6 13. a4 Qc7 14. Ra3 Rfb8 15. Qc2 c4 16. Bf1 Ng4 17. Nb5 Bxb5 18. axb5 Rxb5 19. b3 Nge5 20. Nxe5 Nxe5 21. bxc4 Rc5 22. Rc3 Rc8 23. Ba3 Nxc4 24. Bxc5 Bxc3 1/2-1/2

[Event "BRA-ch Amateur"]
[Site "Sao Paulo"]
[Date "2013.02.11"]
[Round "5"]
[White "Juliani, Sidney"]
[Black "Garcia, Liria Caetano"]
[Result "1-0"]
[WhiteElo "1858"]
[BlackElo "2008"]
[PlyCount "63"]
[EventDate "2013.02.09"]
[EventType "swiss"]
[EventRounds "7"]
[EventCountry "BRA"]
[SourceTitle "CBM 152 Extra"]
[Source "ChessBase"]
[SourceDate "2013.02.25"]
[SourceVersion "1"]
[SourceVersionDate "2013.02.25"]
[SourceQuality "1"]

1. e4 c6 2. Nc3 d5 3. Nf3 Bg4 4. h3 Bxf3 5. Qxf3 e6 6. exd5 cxd5 7. Bb5+ Nc6 8. Ne2 Nf6 9. c3 Qb6 10. Ba4 Qa6 11. Bc2 Ne5 12. Qg3 Bd6 13. f4 Ng6 14. Qf3 e5 15. Bxg6 hxg6 16. fxe5 Bxe5 17. d4 Bd6 18. 0-0 0-0-0 19. Bg5 Rde8 20. Bxf6 Rxe2 21. Bxg7 Rhe8 22. Be5 Bxe5 23. dxe5 R2xe5 24. Qxf7 Qb6+ 25. Kh1 Qxb2 26. Rab1 Qa3 27. Qxb7+ Kd8 28. Qb8+ Kd7 29. Rb7+ Ke6 30. Qxe8+ Kd6 31. Qd7+ Kc5 32. Qc7# 1-0

[Event "Sao Paulo Hebraica 16th"]
[Site "Sao Paulo"]
[Date "2013.01.05"]
[Round "3"]
[White "Ribeiro, Marcos Willian de S"]
[Black "Garcia, Liria Caetano"]
[Result "0-1"]
[WhiteElo "1963"]
[BlackElo "1975"]
[PlyCount "88"]
[EventDate "2013.01.04"]
[EventType "tourn"]
[EventRounds "9"]
[EventCountry "BRA"]
[SourceTitle "EXT 2015"]
[Source "ChessBase"]
[SourceDate "2014.11.20"]
[SourceVersion "1"]
[SourceVersionDate "2014.11.20"]
[SourceQuality "1"]

1. e4 c6 2. d4 d5 3. e5 g6 4. Bd3 Na6 5. c3 Nc7 6. Nd2 h5 7. Ne2 Nh6 8. Qc2 Bf5 9. Nf3 e6 10. Nf4 Be7 11. Bd2 Kf8 12. h3 a5 13. g4 hxg4 14. hxg4 Bxd3 15. Qxd3 Kg7 16. 0-0-0 Nxg4 17. Qe2 Qd7 18. Nh3 Rag8 19. Nfg5 Nh6 20. Rdg1 Nf5 21. Qg4 Rh4 22. Qg2 Qe8 23. Nf3 Rh5 24. Nf4 Rxh1 25. Rxh1 Rh8 26. Nh5+ Kg8 27. Nf6+ Bxf6 28. exf6 Rxh1+ 29. Qxh1 Qf8 30. Nh4 Ne8 31. Nxf5 exf5 32. Qh4 Qd6 33. Bg5 Qe6 34. Kd2 b5 35. a3 Qe4 36. Qxe4 fxe4 37. Ke3 Nc7 38. Bf4 Ne6 39. Be5 Kh7 40. b3 a4 41. bxa4 bxa4 42. c4 Kh6 43. cxd5 cxd5 44. Kd2 Nd8 0-1

[Event "BRA-chT U26 (Women)"]
[Site "Foz do Iguacu"]
[Date "2012.10.21"]
[Round "6"]
[White "Da Cruz, Karoliny Taiane"]
[Black "Garcia, Liria Caetano"]
[Result "0-1"]
[WhiteElo "1780"]
[BlackElo "1959"]
[PlyCount "98"]
[EventDate "2012.10.18"]
[EventType "team-swiss"]
[EventRounds "7"]
[EventCountry "BRA"]
[SourceTitle "EXT 2014"]
[Source "ChessBase"]
[SourceDate "2013.11.20"]
[SourceVersion "1"]
[SourceVersionDate "2013.11.20"]
[SourceQuality "1"]

1. e4 c6 2. d4 d5 3. Nc3 dxe4 4. Nxe4 Nf6 5. Nxf6+ gxf6 6. Nf3 Bg4 7. Be2 e6 8. c3 Nd7 9. Bf4 Nb6 10. Qc2 Nd5 11. Bg3 Bd6 12. Bxd6 Qxd6 13. g3 a5 14. Qd2 a4 15. a3 b5 16. 0-0 Rg8 17. c4 Nf4 18. cxb5 Rb8 19. Rac1 Nxe2+ 20. Qxe2 Rxb5 21. Rc3 Rb3 22. Rfc1 Rxc3 23. Rxc3 Ke7 24. Qe4 f5 25. Qe5 Bxf3 26. Rxf3 f6 27. Qc5 Qxc5 28. dxc5 Rg4 29. b4 Rc4 30. Rd3 Rc1+ 31. Kg2 Ra1 32. Kf3 e5 33. Ke3 Ra2 34. h4 h5 35. Rc3 Kd7 36. Kf3 Kc7 37. Ke3 Kd7 38. Kf3 Rb2 39. Ke3 Kc7 40. Rd3 Kb7 41. Rd7+ Ka6 42. Rd6 Kb5 43. Rd3 Kc4 44. b5 f4+ 45. gxf4 exf4+ 46. Ke4 Re2+ 47. Kxf4 Kxd3 48. bxc6 Rxf2+ 49. Kg3 Rc2 0-1

[Event "Sao Paulo Hebraica 13th"]
[Site "Sao Paulo"]
[Date "2012.01.14"]
[Round "8"]
[White "Garcia, Liria Caetano"]
[Black "Rodrigues, Bruno Morado"]
[Result "0-1"]
[WhiteElo "1968"]
[BlackElo "2066"]
[PlyCount "72"]
[EventDate "2012.01.09"]
[EventType "tourn"]
[EventRounds "9"]
[EventCountry "BRA"]
[SourceTitle "EXT 2014"]
[Source "ChessBase"]
[SourceDate "2013.11.20"]
[SourceVersion "1"]
[SourceVersionDate "2013.11.20"]
[SourceQuality "1"]

1. d4 d5 2. g3 g6 3. Bg2 Nh6 4. c4 dxc4 5. Na3 Nf5 6. e3 Nd6 7. Nxc4 Bg7 8. Ne2 0-0 9. Ne5 c5 10. 0-0 cxd4 11. exd4 Nf5 12. Bf4 Qb6 13. Qd2 Rd8 14. Rac1 Na6 15. Rfd1 Be6 16. a4 Bb3 17. a5 Qe6 18. Bxb7 Bxe5 19. Bxe5 Bxd1 20. Qxd1 Nb4 21. Nf4 Qd7 22. Rc7 Qb5 23. Bxa8 Rxa8 24. Rc5 Qb7 25. Qb3 Nd6 26. h4 Rb8 27. Bxd6 exd6 28. Rc4 Qe4 29. Rxb4 Qe1+ 30. Kh2 Rxb4 31. Qc2 Rxd4 32. Ng2 Qd2 33. Qc8+ Kg7 34. Kh3 Qxf2 35. Nf4 Qf1+ 36. Ng2 Qh1# 0-1

[Event "BRA-ch (Women)"]
[Site "Balneario Camboriu"]
[Date "2011.07.10"]
[Round "6"]
[White "Garcia, Liria Caetano"]
[Black "Habitzreiter, Cristiane"]
[Result "0-1"]
[WhiteElo "1984"]
[BlackElo "1772"]
[PlyCount "32"]
[EventDate "2011.07.07"]
[EventType "swiss"]
[EventRounds "7"]
[EventCountry "BRA"]
[SourceTitle "EXT 2012"]
[Source "ChessBase"]
[SourceDate "2011.11.24"]
[SourceVersion "1"]
[SourceVersionDate "2011.11.24"]
[SourceQuality "1"]

1. d4 e6 2. c4 Nf6 3. Nc3 d5 4. cxd5 exd5 5. Bg5 Be7 6. e3 Bf5 7. Qb3 Nbd7 8. Nxd5 Nxd5 9. Qxd5 Bb4+ 10. Kd1 Qxg5 11. Qxb7 Rb8 12. Qxa7 0-0 13. Qa4 Qh4 14. g3 Qe4 15. Bb5 Rxb5 16. Ke2 Qd3+ 0-1

[Event "Sao Paulo pre olympic op (Women)"]
[Site "Sao Paulo"]
[Date "2011.04.29"]
[Round "2"]
[White "Chaves, Joara"]
[Black "Garcia, Liria Caetano"]
[Result "0-1"]
[WhiteElo "2052"]
[BlackElo "1975"]
[PlyCount "63"]
[EventDate "2011.04.29"]
[EventType "swiss"]
[EventRounds "6"]
[EventCountry "BRA"]
[SourceTitle "EXT 2012"]
[Source "ChessBase"]
[SourceDate "2011.11.24"]
[SourceVersion "1"]
[SourceVersionDate "2011.11.24"]
[SourceQuality "1"]

1. e4 c6 2. d4 d5 3. Nd2 dxe4 4. Nxe4 Nf6 5. Ng3 g6 6. Nf3 Bg7 7. Be2 0-0 8. 0-0 c5 9. dxc5 Qc7 10. c3 Qxc5 11. Be3 Qc7 12. Qa4 Nbd7 13. Rad1 Nc5 14. Qh4 Ne6 15. Rd2 a6 16. Rfd1 Bd7 17. Qb4 Bc6 18. Bb6 Qf4 19. c4 h5 20. Qxe7 Rfe8 21. Qa3 Ng4 22. h3 Bf8 23. Qb3 h4 24. hxg4 hxg3 25. fxg3 Qxg3 26. Bf1 Nc5 27. Bxc5 Bxc5+ 28. Nd4 Re3 29. Qc2 Be4 30. Qc1 Qxg4 31. b4 Bxb4 32. Rf2 0-1

[Event "BRA-ch Amateur"]
[Site "Sao Paulo"]
[Date "2011.03.05"]
[Round "2"]
[White "De Sousa, Matheus Mazim"]
[Black "Garcia, Liria Caetano"]
[Result "1/2-1/2"]
[WhiteElo "1797"]
[BlackElo "1975"]
[PlyCount "91"]
[EventDate "2011.03.05"]
[EventType "swiss"]
[EventRounds "7"]
[EventCountry "BRA"]
[SourceTitle "EXT 2014"]
[Source "ChessBase"]
[SourceDate "2013.11.20"]
[SourceVersion "1"]
[SourceVersionDate "2013.11.20"]
[SourceQuality "1"]

1. d4 Nf6 2. c4 c5 3. dxc5 e6 4. Nc3 Bxc5 5. e3 b6 6. Nf3 Bb7 7. Be2 0-0 8. 0-0 d5 9. cxd5 Nxd5 10. Nxd5 Bxd5 11. Bd2 Qe7 12. Bc3 Nd7 13. Qa4 Nf6 14. Qh4 Ne4 15. Qxe7 Bxe7 16. Bd4 f6 17. b3 Ba3 18. Rab1 Rfc8 19. Bd3 Nc3 20. Bxc3 Rxc3 21. Ba6 Rc2 22. Ra1 e5 23. Rfd1 Be6 24. Ne1 Rc7 25. Nf3 Kf8 26. Nd2 Rb8 27. Nc4 Be7 28. a4 Bd7 29. Rac1 Be6 30. h3 Rd8 31. Rxd8+ Bxd8 32. Kf1 Be7 33. Ke2 Bf5 34. f3 Ba3 35. Ra1 Bb2 36. Ra2 Bc3 37. e4 Bd7 38. Rc2 Bd4 39. Kd3 Be6 40. Nd2 Rd7 41. Bc8 Rd6 42. Bxe6 Rxe6 43. Rc8+ Kf7 44. Rc7+ Re7 45. Rxe7+ Kxe7 46. Kc4 1/2-1/2

[Event "Sao Bernardo do Campo LXSBC fin-B 2nd"]
[Site "Sao Bernardo do Campo"]
[Date "2011.01.25"]
[Round "5"]
[White "Saito, Vinicius Ikezu"]
[Black "Garcia, Liria Caetano"]
[Result "0-1"]
[WhiteElo "2043"]
[BlackElo "1984"]
[PlyCount "138"]
[EventDate "2011.01.22"]
[EventType "tourn"]
[EventRounds "10"]
[EventCountry "BRA"]
[SourceTitle "EXT 2012"]
[Source "ChessBase"]
[SourceDate "2011.11.24"]
[SourceVersion "1"]
[SourceVersionDate "2011.11.24"]
[SourceQuality "1"]

1. d4 Nf6 2. Nf3 c5 3. c4 cxd4 4. Nxd4 g6 5. g3 Bg7 6. Nc3 0-0 7. Bg2 Nc6 8. Nc2 d6 9. 0-0 Qa5 10. e4 a6 11. Qe2 Bd7 12. Bd2 Qh5 13. Qxh5 Nxh5 14. Nd5 Rad8 15. Rab1 Nf6 16. Nb6 Be6 17. f4 Nd7 18. Nxd7 Bxd7 19. Ne3 b5 20. Rfc1 Nd4 21. Kf2 f5 22. cxb5 Bxb5 23. Rc7 e5 24. exf5 Bd3 25. Rd1 Nb5 26. Bd5+ Kh8 27. Rb7 Bxf5 28. a4 Nd4 29. Bc3 Be6 30. Re7 Bxd5 31. Nxd5 g5 32. Bxd4 exd4 33. Kf3 Rc8 34. b4 h5 35. Rd2 g4+ 36. Ke4 Rc1 37. b5 axb5 38. axb5 Rb8 39. Rd7 Rxb5 40. Rxd6 Kh7 41. Kf5 Rcc5 42. Ke4 Kg8 43. Ra2 Rb7 44. Ra8+ Kf7 45. Rad8 Rc1 46. Kf5 d3 47. Ne3 Rc5+ 48. Ke4 Re7+ 49. Kxd3 Rc3+ 50. Kd2 Rcxe3 51. R8d7 Re2+ 52. Kd3 Rxh2 53. Rxe7+ Kxe7 54. Rg6 Kf7 55. Rg5 Bf6 56. Rb5 Kg6 57. Ke4 Re2+ 58. Kd3 Rg2 59. Ke4 Rxg3 60. f5+ Kf7 61. Rb7+ Be7 62. Rb6 Ra3 63. Rh6 h4 64. Rh7+ Kf8 65. Ke5 g3 66. Rh6 g2 67. f6 Ra5+ 68. Kf4 Bxf6 69. Rxf6+ Kg7 0-1

[Event "Sao Bernardo do Campo LXSBC fin-B 2nd"]
[Site "Sao Bernardo do Campo"]
[Date "2011.01.23"]
[Round "2"]
[White "Garcia, Liria Caetano"]
[Black "Rodrigo da Silva, Edson"]
[Result "1/2-1/2"]
[WhiteElo "1984"]
[BlackElo "1975"]
[PlyCount "110"]
[EventDate "2011.01.22"]
[EventType "tourn"]
[EventRounds "10"]
[EventCountry "BRA"]
[SourceTitle "EXT 2012"]
[Source "ChessBase"]
[SourceDate "2011.11.24"]
[SourceVersion "1"]
[SourceVersionDate "2011.11.24"]
[SourceQuality "1"]

1. d4 d5 2. c4 c6 3. Nc3 Nf6 4. e3 e6 5. Qc2 Nbd7 6. Nf3 Bd6 7. b3 0-0 8. Be2 Qe7 9. 0-0 b6 10. Bb2 Bb7 11. e4 dxe4 12. Nxe4 Nxe4 13. Qxe4 Rfe8 14. Bd3 Nf8 15. Rfe1 Rad8 16. Rad1 c5 17. d5 f5 18. Qh4 Qxh4 19. Nxh4 g6 20. dxe6 Rxe6 21. Kf1 Kf7 22. Be2 Be7 23. Nf3 Rxd1 24. Rxd1 Bf6 25. Bc1 Ke7 26. Bf4 Nd7 27. Rd2 Bc3 28. Rd1 Bf6 29. h3 Be4 30. g4 Bc2 31. Rc1 Be4 32. gxf5 Bxf5 33. Ng5 Bxg5 34. Bxg5+ Nf6 35. Rc3 Kd7 36. Bf4 Kc6 37. Bf3+ Be4 38. Bb8 a6 39. h4 b5 40. cxb5+ axb5 41. a4 bxa4 42. bxa4 Kd5 43. Be2 Rb6 44. Bf4 Rb1+ 45. Bc1 Ra1 46. f3 Bf5 47. Bb5 Kd6 48. Ke2 Nd5 49. Rc4 Nb4 50. Bf4+ Kd5 51. Rc1 Ra2+ 52. Bd2 Kd4 53. Rc4+ Kd5 54. Rc1 Kd4 55. Rc4+ Kd5 1/2-1/2

[Event "Sao Paulo Hebraica 10th"]
[Site "Sao Paulo"]
[Date "2011.01.16"]
[Round "2.1"]
[White "Garcia, Liria Caetano"]
[Black "Costa, Giovanni de Almeida"]
[Result "1/2-1/2"]
[WhiteElo "1984"]
[BlackElo "1908"]
[PlyCount "45"]
[EventDate "2011.01.15"]
[EventType "tourn"]
[EventRounds "9"]
[EventCountry "BRA"]
[SourceTitle "EXT 2022"]
[Source "ChessBase"]
[SourceDate "2021.10.06"]
[SourceVersion "1"]
[SourceVersionDate "2021.10.06"]
[SourceQuality "1"]

1. d4 Nf6 2. c4 g6 3. Nc3 d5 4. Nf3 Bg7 5. Bf4 0-0 6. cxd5 Nxd5 7. Nxd5 Qxd5 8. Bxc7 Nc6 9. e3 Bg4 10. Be2 Rac8 11. Bg3 e5 12. 0-0 exd4 13. exd4 Bxf3 14. Bxf3 Qxd4 15. Qb3 Na5 16. Qb5 Rc5 17. Qe2 Qxb2 18. Qxb2 Bxb2 19. Rab1 Be5 20. Bxb7 Bxg3 21. hxg3 Nxb7 22. Rxb7 Ra5 23. Rb2 1/2-1/2

[Event "Sao Paulo op"]
[Site "Sao Paulo"]
[Date "2010.11.27"]
[Round "4"]
[White "Camargo, Peter Jackson Mille"]
[Black "Garcia, Liria Caetano"]
[Result "0-1"]
[WhiteElo "1827"]
[BlackElo "1959"]
[PlyCount "94"]
[EventDate "2010.11.26"]
[EventType "swiss"]
[EventRounds "6"]
[EventCountry "BRA"]
[SourceTitle "EXT 2012"]
[Source "ChessBase"]
[SourceDate "2011.11.24"]
[SourceVersion "1"]
[SourceVersionDate "2011.11.24"]
[SourceQuality "1"]

1. d4 Nf6 2. c4 c5 3. d5 e5 4. Nc3 d6 5. e4 Be7 6. Nf3 Nbd7 7. Be2 0-0 8. Bg5 Ne8 9. Qd2 a6 10. a3 Bxg5 11. Qxg5 f6 12. Qe3 g6 13. h4 Ng7 14. g4 Rb8 15. h5 g5 16. Nd2 Rf7 17. 0-0 Nf8 18. Rfb1 Rc7 19. f3 Bd7 20. a4 b6 21. b3 Ne8 22. Kg2 Rcb7 23. Rb2 Nc7 24. Ndb1 b5 25. axb5 axb5 26. Rba2 bxc4 27. Bxc4 Na8 28. Na3 Rb4 29. Qe2 Nc7 30. Nc2 R4b7 31. Ra5 Be8 32. R5a2 Nd7 33. Na3 Nb6 34. Kg3 Bd7 35. Kg2 Nc8 36. Kg3 Qe8 37. Kg2 Ra7 38. Nab1 Rba8 39. Rxa7 Rxa7 40. Rxa7 Nxa7 41. Qa2 Qb8 42. Qa5 Qb7 43. Na3 Kf7 44. Kg3 Ke7 45. Kf2 Kd8 46. Nab5 Naxb5 47. Nxb5 Bxb5 0-1